| 000 | 00716cam a2200265 4500 | ||
|---|---|---|---|
| 008 | 000000n2001 000 0 eng u | ||
| 020 | _a9287142939 | ||
| 035 | _a(Sirsi) u111093 | ||
| 050 | _a913.031 | ||
| 110 |
_aCouncil of Europe _92800 |
||
| 245 | _aGuidelines for the protection of the architectural heritage. | ||
| 260 |
_aBelgium _bCouncil of Europe _c2001 |
||
| 300 | _a33p. ; 18cm. | ||
| 350 | _a7.75 | ||
| 520 | _aText in English and French. | ||
| 650 | _aARCHAEOLOGY | ||
| 650 | _aCONSERVATION | ||
| 650 | _aPRESERVATION | ||
| 650 | _aRESTORATION | ||
| 650 | _aEUROPE | ||
| 650 | _aLAW | ||
| 650 | _aARCHAEOLOGICAL SITES | ||
| 690 | _aENVIRONMENTAL AND LAND CONSULTANCY | ||
| 942 | _n0 | ||
| 999 |
_c101200 _d101200 |
||